000 00296nam a22001337a 4500
008 190306b xxu||||| |||| 00| 0 eng d
020 _a9780721601878
041 _aeng
080 _27th
_a616
100 _a9
101 _aPAT
245 _aPathologic Basis of Disease
_cKumar
942 _2udc
_cBK
999 _c54614
_d54614